Nommez un film valide - Studio Ghibli - Statistiques

Statistiques générales
  • Ce quiz a été pris 100 fois
  • Le résultat moyen est 13 sur 15
Statistiques - réponses
Nommez un film du Studio Ghibli... Réponses possibles % Correct
sorti après 2015 La Tortue rouge / Aya et la Sorcière / Le Garçon et le Héron
98%
réalisé par Hayao Miyazaki Le Château dans le ciel / Mon voisin Totoro / Kiki la petite sorcière / Porco Rosso / Princesse Mononoké / Le Voyage de Chihiro / Le Château ambulant / Ponyo sur la falaise / Le vent se lève / Le Garçon et le Héron
97%
dont l'intrigue tourne autour de l'aviation Porco Rosso / Le vent se lève / Le Château dans le ciel
97%
dont l'intrigue tourne autour d'un chateau Le Château dans le ciel / Le Château ambulant
95%
qui dure 2h ou plus Le Conte de la princesse Kaguya / Princesse Mononoké / Le vent se lève / Le Voyage de Chihiro / Le Château dans le ciel / Le Garçon et le Héron
93%
sorti avant 1990 Le Château dans le ciel / Mon voisin Totoro / Le Tombeau des lucioles / Kiki la petite sorcière
91%
ayant rapporté plus de $200,000,000 au box office mondial Le Voyage de Chihiro / Le Garçon et le Héron / Le Château ambulant / Princesse Mononoké / Ponyo sur la falaise
91%
réalisé par Isa Takahata Le Tombeau des Lucioles / Souvenirs goutte à goutte / Pompoko / Mes voisins les Yamada / Le Conte de la princesse Kaguya
88%
avec un message profondément écologiste Princesse Mononoké / Pompoko / Ponyo sur la falaise
88%
qui dure 1h30 ou moins Le Tombeau des lucioles / Mon voisin Totoro / Aya et la Sorcière / La Tortue Rouge / Le Royaume des chats / Je peux entendre l'océan
85%
dont le personnage principal est un adulte humain Souvenirs goutte à goutte / Porco Rosso / Mes Voisins les Yamada / Le Château ambulant / Le vent se lève / La Tortue rouge
85%
dans lequel on peut voir un dragon Le Voyage de Chihiro / Les Contes de Terremer
84%
dont le style de dessin ou d'animation diffère complètement du style signature du studio Mes voisins les Yamada / Le Conte de la princesse Kaguya / La Tortue Rouge / Aya et la Sorcière
78%
réalisé par aucun des trois réalisateurs précédents Je peux entendre l'océan / Si tu tends l'oreille / Le Royaume des chats / Arrietty : Le Petit Monde des Chapardeurs / Souvenirs de Marnie / La Tortue rouge
76%
réalisé par Gorō Miyazaki Les Contes de Terremer / La Colline aux coquelicots / Aya et la Sorcière
71%
Aucun quiz correspondant
Distribution des résultats
% des personnes avec chaque résultat
Percentile par nombre de réponses
Votre historique - résultats
Vous n’avez pas pris ce quiz